[Event "Pfalz-ch HT5 86th"]
[Site "Wolfstein"]
[Date "2017.04.14"]
[Round "6"]
[White "Burger, Volker"]
[Black "Lenhardt, Joern"]
[Result "1-0"]
[WhiteElo "1807"]
[BlackElo "1391"]
[PlyCount "49"]
[EventDate "2017.04.07"]
[EventType "swiss"]
[EventRounds "7"]
[EventCountry "GER"]
[SourceTitle "EXT 2018"]
[Source "ChessBase"]
[SourceDate "2017.10.13"]
[SourceVersion "1"]
[SourceVersionDate "2017.10.13"]
[SourceQuality "1"]

1. e4 e5 2. Bc4 Nf6 3. d3 Bc5 4. Nf3 d6 5. c3 Bg4 6. h3 Bh5 7. Nbd2 a6 8. a4 Nbd7 9. 0-0 0-0 10. Re1 c6 11. Bb3 Qc7 12. Nf1 Qb6 13. Be3 Bxe3 14. Rxe3 d5 15. Ng3 dxe4 16. Nxh5 exf3 17. Nxf6+ Nxf6 18. Rxf3 Rad8 19. Qc2 Rfe8 20. Re1 Qc7 21. Ba2 Nd5 22. Re4 b5 23. axb5 axb5 24. Qe2 Nf4 25. Rfxf4 1-0

[Event "Pfalz-ch HT5 86th"]
[Site "Wolfstein"]
[Date "2017.04.14"]
[Round "5"]
[White "Lenhardt, Joern"]
[Black "Jung, Hans Guenter"]
[Result "0-1"]
[WhiteElo "1391"]
[BlackElo "1487"]
[PlyCount "88"]
[EventDate "2017.04.07"]
[EventType "swiss"]
[EventRounds "7"]
[EventCountry "GER"]
[SourceTitle "EXT 2018"]
[Source "ChessBase"]
[SourceDate "2017.10.13"]
[SourceVersion "1"]
[SourceVersionDate "2017.10.13"]
[SourceQuality "1"]

1. e4 e5 2. Nf3 d6 3. Bc4 Be7 4. 0-0 Nf6 5. d3 0-0 6. h3 Nc6 7. Be3 Na5 8. Bb3 Nxb3 9. axb3 c6 10. Bxa7 Bd7 11. Nc3 b6 12. Qd2 Qc7 13. Bxb6 Qxb6 14. Kh1 h6 15. Nh2 Nh5 16. Ne2 Bg5 17. Qd1 Nf4 18. Nxf4 Bxf4 19. g3 Bg5 20. h4 Be7 21. f4 exf4 22. Rxf4 Rxa1 23. Qxa1 Qe3 24. Qg1 Qxg1+ 25. Kxg1 Bf6 26. c3 Be5 27. Rf3 c5 28. Kg2 f5 29. Re3 f4 30. gxf4 Rxf4 31. Nf3 Rg4+ 32. Kf2 Bg3+ 33. Kf1 Rf4 34. Kg2 Bxh4 35. Nxh4 Rxh4 36. e5 dxe5 37. Rxe5 Rg4+ 38. Kf3 Rg5 39. Rxg5 hxg5 40. b4 cxb4 41. d4 bxc3 42. bxc3 Bf5 43. c4 Kf7 44. c5 Ke6 0-1